Odisea

Saved in:
Bibliografiske detaljer
Hovedforfatter: Homero (autor)
Format: Bog
Sprog:spansk
Udgivet: Madrid Gredos 2000
Serier:Biblioteca Básica Gredos, 2
Fag:
Tags: Tilføj Tag
Ingen Tags, Vær først til at tagge denne postø!

MARC

LEADER 00000nam a2200000 a 4500
001 UCK2919
003 CL-VaPUC
008 050401e20000000SP |||||||||||||||||spa|d
020 |a 8424924614 
082 0 4 |a 883  |b HOM  |2 21 
100 |a Homero   |e autor  |9 265577 
245 1 0 |a Odisea 
300 |a 404 p 
942 |c BK 
945 |d 20050401 00:00:00  |a cmena 
260 |a Madrid  |b Gredos  |c 2000 
650 7 |a POESIAS EPICAS GRIEGAS  |2 CL-VaPUC  |9 265677 
650 7 |a LITERATURA GRIEGA  |2 CL-VaPUC  |9 258054 
583 |a last modification  |c 20050401 00:00:00  |k Rodrigo Vera 
490 0 |a Biblioteca Básica Gredos, 2 
999 |c 312310  |d 312308 
952 |0 0  |1 0  |4 0  |6 883_000000000000000_HOM_2000  |7 0  |8 A  |9 382379  |a BIBART  |b BIBART  |d 2019-11-21  |i 4105451  |l 6  |m 1  |o 883 HOM 2000  |p 4105451  |r 2025-03-13  |s 2023-04-10  |w 2019-11-21  |y BK  |k ART